Premiers of New South Wales - Statistics

General Stats
  • This quiz has been taken 49 times
    24 since last reset
  • The average score is 21 of 66
Answer Stats
Years Party Answer % Correct
2017-2021 Liberal Gladys Berejiklian
93%
2023- Labor Chris Minns
87%
2014-2017 Liberal Mike Baird
87%
2005-2008 Labor Morris Iemma
87%
2011-2014 Liberal Barry O'Farrell
80%
1995-2005 Labor Bob Carr
80%
2021-2023 Liberal Dominic Perrottet
80%
2009-2011 Labor Kristina Kenneally
80%
1976-1986 Labor Neville Wran
67%
1988-1992 Liberal Nick Greiner
67%
1925-1927 Labor Jack Lang
60%
1930-1932 Labor Jack Lang
60%
1986-1988 Labor Barrie Unsworth
53%
1872-1975 Independent Henry Parkes
53%
1877-1877 Independent Henry Parkes
53%
1878-1883 Independent Henry Parkes
53%
1887-1889 Free Trade Henry Parkes
53%
1889-1891 Free Trade Henry Parkes
53%
1992-1995 Liberal John Fahey
47%
1952-1959 Labor Jospeh Cahill
47%
2008-2009 Labor Nathan Rees
47%
1959-1964 Labor Bob Heffron
33%
1965-1975 Liberal Robert Askin
33%
1894-1899 Free Trade George Reid
27%
1860-1861 Independent John Robertson
27%
1968-1870 Independent John Robertson
27%
1875-1877 Independent John Robertson
27%
1877-1877 Independent John Robertson
27%
1885-1886 Independent John Robertson
27%
1975-1976 Liberal Tom Lewis
27%
1939-1941 United Australia Alexander Mair
20%
1932-1939 United Australia Bertram Stevens
20%
1976-1976 Liberal Eric Willis
20%
1964-1965 Labor Jack Renshaw
20%
1947-1952 Labor James McGirr
20%
1910-1913 Labor James McGowen
20%
1927-1930 Nationalist Thomas Bavin
20%
1913-1920 Labor/Nationalist William Holman
20%
1941-1947 Labor William McKell
20%
1856-1856 Independent Charles Cowper
13%
1857-1859 Independent Charles Cowper
13%
1961-1863 Independent Charles Cowper
13%
1865-1866 Independent Charles Cowper
13%
1870-1870 Independent Charles Cowper
13%
1921-1921 Nationalist George Fuller
13%
1922-1925 Nationalist George Fuller
13%
1856-1857 Independent Henry Parker
13%
1921-1921 Labor James Dooley
13%
1877-1878 Independent James Farnell
13%
1920-1921 Labor John Storey
13%
1921-1922 Labor John Storey
13%
1856-1856 Independent Stuart Donaldson
13%
1904-1904 Progressive Thomas Waddell
13%
1899-1901 Protectionist William Lyne
13%
1883-1885 Independent Alexander Stuart
7%
1907-1910 Liberal Reform Charles Wade
7%
1885-1885 Independent George Dibbs
7%
1889-1889 Protectionist George Dibbs
7%
1891-1894 Protectionist George Dibbs
7%
1863-1865 Independent James Martin
7%
1866-1868 Independent James Martin
7%
1870-1872 Independent James Martin
7%
1901-1904 Progressive John See
7%
1904-1907 Liberal Reform Joseph Carruthers
7%
1886-1887 Independent Patrick Jennings
7%
1859-1860 Independent William Forster
7%
No matching quizzes found
Score Distribution
Percent of People with Each Score
Percentile by Number Answered
Your Score History
You have not taken this quiz since the last reset